000 00821cam a2200277 4500
008 000000n2000 000 0 eng u
020 _a0860175111
035 _a(Sirsi) u106174
041 _aeng
050 _a693.5
100 _aPrice, W. F.
110 _aConstruction Industry Research and Information Association
_94810
245 _aControlled permeability formwork
260 _aLondon
_bCIRIA
_c2000
300 _a102p. ; 30 cm.
490 _aCIRIA
_vC5111
520 _aReviews controlled permeability formwork systems and gives designers, specifiers, and contractors practical guideance.
650 _aCPF
650 _aCONCRETE
650 _aSILK FORM
650 _aTEXTILE FORM
650 _aFORMTEX
650 _aZEMDRAIN
690 _aBUILT ENVIRONMENT-BUILDING MATERIALS
942 _n0
999 _c100534
_d100534